CRIME AND PUNISHMENT / (Record no. 5394)
[ view plain ]
| 000 -الفاتح | |
|---|---|
| حقل البيانات ثابتة الطول | 00729nam a2200253Ia 4500 |
| 008 - عناصر البيانات ثابتة الطول - معلومات عامة | |
| حقل البيانات ثابتة الطول | 140319s9999 xx 000 0 eng d |
| 020 ## - الرقم الدولى المعيارى للكتب | |
| الرقم الدولى المعيارى للكتاب | 185715035X |
| 040 ## - مصدر الفهرسة | |
| وكالة الفهرسة الأصلية | GCL / |
| وكالة النسخ | GCL |
| 082 04 - رقم تصنيف ديوى العشرى | |
| رقم التصنيف | 891.7 |
| رقم المادة | D C |
| 100 1# - المدخل الرئيسى - إسم شخصى | |
| الإسم الشخصى | DOSTOEVSKY, FYODOR |
| 245 10 - بيان العنوان | |
| العنوان | CRIME AND PUNISHMENT / |
| بيان المسئوليه,etc | DOSTOEVSKY, FYODOR |
| 700 1# - المدخل الاضافى - اسم شخصى | |
| الإسم الشخصى | PEVEAR, RICHARD |
| 700 1# - المدخل الاضافى - اسم شخصى | |
| الإسم الشخصى | LEATHERBARROW, W.J |
| 700 1# - المدخل الاضافى - اسم شخصى | |
| الإسم الشخصى | VOLOKHONSKY, LARISSA |
| 260 ## - PUBLICATION, DISTRIBUTION, ETC. (IMPRINT) | |
| تاريخ النشر أو التوزيع | 1993 |
| 300 ## - الوصف المادى | |
| التعداد | 21 CM ؛ |
| أبعاد الوعاء | XXXV, 564 P |
| 490 ## - بيان السلسلة | |
| عنوان السلسلة | THE MILLENNIUM LIBRARY |
| رقم المجلد/ التعيين التسلسلي | 35 |
| 650 04 - المدخل الاضافى بالموضوع-مصطلح موضوعى | |
| مصطلح موضوعي | LITERATURE |
| 650 04 - المدخل الاضافى بالموضوع-مصطلح موضوعى | |
| مصطلح موضوعي | RUSSIAN LITERATURE |
| 650 04 - المدخل الاضافى بالموضوع-مصطلح موضوعى | |
| مصطلح موضوعي | RUSSIAN LITERATURE - TRANSLATION INTO ENGLISH |
| 650 04 - المدخل الاضافى بالموضوع-مصطلح موضوعى | |
| مصطلح موضوعي | RUSSIAN FICTION |
| 942 ## - عناصر المدخل الإضافي( كوها) | |
| مصدر التصنيف او مخطط الترفيف | Dewey Decimal Classification |
| Koha [default] item type | كتاب |
| 260 ## - PUBLICATION, DISTRIBUTION, ETC. (IMPRINT) | |
| -- | انجلترا : |
| -- | EVERYMAN'S LIBRARY ، |
| حالة التراجع | حالة الفقد | حالة تلف | ليس للاعارة | المكان المؤقت | الموقع الحالى | تاريخ الاكتساب | اجمالي اﻻعارات | رقم الطلب | الباركود | تاريخ اخر مشاهدة | تاريخ تفعيل السعر | نوع وعاء كوها |
|---|---|---|---|---|---|---|---|---|---|---|---|---|
| مكتبة القاهرة الكبرى | مكتبة القاهرة الكبرى | 03/26/2014 | 891.7\D C | 11637 | 03/26/2014 | 03/26/2014 | كتاب | |||||
| مكتبة القاهرة الكبرى | مكتبة القاهرة الكبرى | 03/26/2014 | 891.7\D C | 11638 | 03/26/2014 | 03/26/2014 | كتاب |

